[Event "Osijek op 10th"]
[Site "Osijek"]
[Date "2017.02.26"]
[Round "7"]
[White "Borzan, Matej"]
[Black "Budic, Stanko"]
[Result "1-0"]
[WhiteElo "1556"]
[BlackElo "1512"]
[PlyCount "85"]
[EventDate "2017.02.23"]
[EventType "swiss"]
[EventRounds "7"]
[EventCountry "CRO"]
[SourceTitle "EXT 2019"]
[Source "ChessBase"]
[SourceDate "2018.10.10"]
[SourceVersion "1"]
[SourceVersionDate "2018.10.10"]
[SourceQuality "1"]

1. d4 Nf6 2. c4 e6 3. Nc3 d5 4. Bg5 Be7 5. Nf3 0-0 6. e3 Kh8 7. Bd3 h6 8. Bh4 Ng8 9. Bxe7 Qxe7 10. cxd5 a6 11. 0-0 c6 12. dxe6 Bxe6 13. h3 Nd7 14. Bc2 f5 15. Bb3 Bxb3 16. Qxb3 Ngf6 17. Rab1 h5 18. a3 Ne4 19. Qc2 Nxc3 20. Qxc3 Rac8 21. b4 Qe4 22. Rbc1 Qd5 23. Rfe1 Rfe8 24. Nd2 Re6 25. Nb3 Rg6 26. f3 Qxf3 27. Qd2 Qd5 28. Nc5 Nxc5 29. Rxc5 Qe4 30. Rf1 Re8 31. Rc3 Qh4 32. Kh1 Qg5 33. Qf2 Rf8 34. Rc2 h4 35. Qf4 Rff6 36. Qxg5 Rxg5 37. Kg1 Re6 38. Rf3 Rf6 39. Rc5 Rfg6 40. Rf2 Rg3 41. Rc3 Rxh3 42. Rxf5 Rgg3 43. Kf2 1-0

[Event "Osijek op 10th"]
[Site "Osijek"]
[Date "2017.02.25"]
[Round "5"]
[White "Budic, Stanko"]
[Black "Juric, Matea"]
[Result "1-0"]
[WhiteElo "1512"]
[BlackElo "1312"]
[PlyCount "61"]
[EventDate "2017.02.23"]
[EventType "swiss"]
[EventRounds "7"]
[EventCountry "CRO"]
[SourceTitle "EXT 2019"]
[Source "ChessBase"]
[SourceDate "2018.10.10"]
[SourceVersion "1"]
[SourceVersionDate "2018.10.10"]
[SourceQuality "1"]

1. Nf3 d6 2. c4 e5 3. Nc3 Nc6 4. d4 Bd7 5. dxe5 dxe5 6. e3 Nf6 7. a3 a5 8. Be2 Be7 9. b3 h6 10. e4 Bg4 11. Qc2 0-0 12. 0-0 Re8 13. Rd1 Qc8 14. Bb2 Bc5 15. Nd5 Nh7 16. Kh1 Bxf2 17. Rf1 Bc5 18. Rad1 f6 19. Qd3 Nf8 20. Nh4 Be6 21. Qg3 Bxd5 22. cxd5 Nd4 23. Bxd4 Bxd4 24. Rxf6 Kh7 25. Rff1 c6 26. Bg4 Qc7 27. Bf5+ Kh8 28. Ng6+ Nxg6 29. Qxg6 Kg8 30. Be6+ Kh8 31. Rf7 1-0